LEADER 00878nam a2200265 i 4500 001 991000966899707536 005 20020507104525.0 008 940705s1990 uk ||| | eng 020 $a0521269946 035 $ab10154899-39ule_inst 035 $aLE00639908$9ExL 040 $aDip.to Fisica$bita 084 $a53.4 100 1 $aJelley, Nicholas Alfred$052663 245 10$aFundamentals of nuclear physics /$cN.A. Jelley 250 $a1a ed 260 $aCambridge :$bCambridge University Press,$c1990 300 $a278p. 650 4$anuclear physics 907 $a.b10154899$b21-09-06$c27-06-02 912 $a991000966899707536 945 $aLE006 53.4 JEL$g1$i2006000098755$lle006$o-$pE0.00$q-$rl$s- $t0$u1$v0$w1$x0$y.i10187261$z27-06-02 996 $aFundamentals of nuclear physics$9187200 997 $aUNISALENTO 998 $ale006$b01-01-94$cm$da $e-$feng$guk $h0$i1 LEADER 01084nam a2200301 i 4500 001 991001250529707536 005 20020507113428.0 008 970308s1963 us ||| | eng 035 $ab10194502-39ule_inst 035 $aLE00644648$9ExL 040 $aDip.to Fisica$bita 084 $a510(076) 084 $a510.33 084 $a517.3 084 $aQA405 100 1 $aFarrell, Orin$0463961 245 10$aSolved problems :$bgamma and beta functions, Legendre polynomials, Bessel functions /$cOrin Farrell and Bertram Ross 260 $aNew York :$bMacMillan Co.,$c1963 300 $a410 p. :$bill. ;$c21 cm. 650 4$aFunctions (Mathematics) 650 4$aHarmonic functions 700 1 $aRoss, Bertram$eauthor$4http://id.loc.gov/vocabulary/relators/aut$046701 907 $a.b10194502$b21-09-06$c27-06-02 912 $a991001250529707536 945 $aLE006 510.33 FAR$g1$i2006000020831$lle006$o-$pE0.00$q-$rl$s- $t0$u0$v0$w0$x0$y.i10240147$z27-06-02 996 $aSolved problems$91445083 997 $aUNISALENTO 998 $ale006$b01-01-97$cm$da $e-$feng$gus $h0$i1